Histoire de l'Europe par lettre - D - Statistiques

Statistiques générales
  • Ce quiz a été pris 324 fois
  • Le résultat moyen est 10 sur 20
Statistiques - réponses
Indice Réponse % Correct
Biologiste anglais auteur de la théorie de l'évolution Charles Darwin
98%
Ce roman de Bram Stoker est responsable de l'image actuelle du vampire Dracula
92%
Système politique originaire de l'Athènes antique Démocratie
91%
Territoire vassal de l'Europe féodale, ceux de Bourgogne ou d'Aquitaine furent très puissants Duché
75%
Ville où les armées franco-britanniques furent encerclés en 1940 Dunkerque
70%
Texte fondamental de la Révolution française, encore constitutionnel aujourd'hui Déclaration des droits de l'homme et du citoyen
65%
Premier camp de concentration nazi, ouvert en 1933 Dachau
63%
Ville allemande surnommée la "Florence de l'Elbe", réduite en cendre par l'aviation alliée en 1945 Dresde
63%
Ville antique ou la Pythie était oracle Delphes
56%
Écrivain russe, auteur des Frères Karamazov et de l'Idiot Fiodor Dostoïevski
55%
Titre porté par les dirigeants de la République de Venise Doge
52%
Province romaine de l'actuelle côte croate Dalmatie
42%
Auteur du dit poème Dante
34%
Sculpteur italien de la Renaissance Donatello
27%
Territoire antique du coeur des balkans, donnant son nom à une marque automobile roumaine Dacie
24%
Célèbre recueil de nouvelle de Bocacce, publié lors de la peste noire Décaméron
14%
Long poème médiéval, considéré comme la première oeuvre littéraire en langue italienne Divine Comédie
14%
Nom de l'opération d'évacuation alors menée Opération {Dynamo}
12%
Orateur athénien, un des plus grands de l'Antiquité Démosthène
11%
Nom donné à la Moldavie et la Valachie, ancêtres de la Roumanie, du moyen-âge au XIXème siècle Principautés {danubiennes}
4%
Aucun quiz correspondant
Distribution des résultats
% des personnes avec chaque résultat
Percentile par nombre de réponses
Votre historique - résultats
Vous n’avez pas pris ce quiz